| 000 | 00549nam a2200217 a 4500 | ||
|---|---|---|---|
| 001 | 0001-2057 | ||
| 003 | ELIB.Books | ||
| 008 | 190718 2010 eng | ||
| 020 | _aKBTS | ||
| 092 |
_a371.1 _bLey |
||
| 100 | _aLeypoldt, Martha M. | ||
| 245 | _a40 Ways to Teach in Groups | ||
| 260 |
_aVillage Forge _bThe Judson Press _c1967 |
||
| 300 |
_a123 _c20.5 Cm |
||
| 650 | _aTeaching | ||
| 856 |
_nKBTS Library _uKBTS Elib |
||
| 942 |
_2ddc _cBK |
||
| 990 | _a2 | ||
| 998 |
_aEnglishbooks.elf _ccat _e2019-07-18 |
||
| 999 |
_c12057 _d12057 |
||